000
nam a22 7a 4500
999
_c
56626
_d
56626
003
OSt
005
20230520085251.0
008
230520b xxu||||| |||| 00| 0 eng d
040
_c
IIMT UNIVERSITY
100
_a
SHARMA,KOMAL
245
_a
CONCEPTS OF SOCIAL PHARMACY
300
_a
269
942
_2
ddc
_c
01